| 000 | 01075nam a22003017a 4500 | ||
|---|---|---|---|
| 001 | BR8106986 | ||
| 003 | BR-BrBNA | ||
| 005 | 20230928091105.0 | ||
| 007 | ta | ||
| 008 | 230509b bl.||||| |||| 00| 0 por d | ||
| 040 |
_aBR-BrBNA _bpor _cBiblioteca Nacional de Agricultura |
||
| 041 | _a(Por) | ||
| 072 |
_aF60 _b1930 _b/G514 |
||
| 090 | _ 1930 BR8106986 | ||
| 100 | 1 | _aSouza, H.M.F. | |
| 110 | 1 |
_aUniversidade Federal da Bahia, Salvador (Brasil). Inst. de Biologia _0Tese (Magister Scientiae) _910734 |
|
| 245 | 1 | _aReacoes fisiologicas de gramineas forrageiras a deficiencia de agua no solo [Bahia, Brasil] | |
| 260 | 3 |
_aSalvador, BA (Brasil): _c1981. |
|
| 300 | _a45 p. | ||
| 500 | _aBibliography p. 38-45 (61 ref.); Summaries (Eng, Por); 9 tables; 4 illus. (*) Documento disponível na(o) Universidade Federal da Bahia, Salvador (Brazil). Biblioteca Central | ||
| 650 | _aGRAMINEA FORRAGEIRA | ||
| 650 | _aMATERIA SECA | ||
| 650 | _aDEFICIENCIA HIDRICA | ||
| 650 | _aCRESCIMENTO | ||
| 650 | _aBAHIA | ||
| 909 |
_a202309 _bLucia _c55 _dLucia Elande |
||
| 942 | _cBK | ||
| 999 |
_c32172 _d32172 |
||